Statistics for Club Brugge KV 2018/2019 Squad

Click here to take the quiz!

General Stats

  • This quiz has been taken 49 times
    (42 since last reset)
  • The average score is 20 of 28

Answer Stats

No.Answer% Correct
20Belgium (MF)Hans Vanaken
100%
25Netherlands (MF)Ruud Vormer
100%
2Ukraine (DF)Eduard Sobol
93%
11Senegal (MF)Krépin Diatta
93%
77Angola (DF)Clinton Mata
90%
42Nigeria (MF)Emmanuel Dennis
90%
44Belgium (DF)Brandon Mechele
86%
-Belgium (MAN)Philippe Clement
86%
88Belgium (GK)Simon Mignolet
86%
22United States (GK)Ethan Horvath
79%
26Belgium (MF)Mats Rits
79%
18Uruguay (DF)Federico Ricca
76%
1Croatia (GK)Karlo Letica
76%
35South Africa (FW)Percy Tau
76%
14Nigeria (FW)David Okereke
72%
9Belgium (FW)Jelle Vossen
72%
6Morocco (MF)Sofyan Amrabat
72%
16Belgium (FW)Siebe Schrijvers
69%
17Côte d'Ivoire (DF)Simon Deli
69%
10Iran (FW)Kaveh Rezaei
66%
15Croatia (DF)Matej Mitrović
62%
5Côte d'Ivoire (DF)Odilon Kossounou
62%
80Belgium (FW)Loïs Openda
52%
33Belgium (GK)Nick Shinton
48%
19Belgium (DF)Thibault Vlietinck
45%
21Belgium (DF)Dion Cools
41%
7Senegal (FW)Amadou Sagna
17%
27Belgium (FW)Cyril Ngonge
7%

Score Distribution

Percentile by Number Answered

Percent of People with Each Score

Your Score History

You have not taken this quiz since the last reset